Normal view
MARC view
- Lowne, Cathy
Entry Personal Name
001 - CONTROL NUMBER
- control field: 9647
003 - CONTROL NUMBER IDENTIFIER
- control field: NUST
005 - DATE AND TIME OF LATEST TRANSACTION
- control field: 20180124095203.0
008 - FIXED-LENGTH DATA ELEMENTS
- fixed length control field: 180124|| aca||aabn | a|a d
040 ## - CATALOGING SOURCE
- Original cataloging agency: NUST
- Transcribing agency: NUST
100 ## - HEADING--PERSONAL NAME
- Personal name: Lowne, Cathy
670 ## - SOURCE DATA FOUND
- Source citation: Work cat.: (NUST)321913: Lowne, Cathy, Speeches that changed the World, 2005
